[Event "ESNH-ch 2021"]
[Site "Tornelo"]
[Date "2021.04.17"]
[Round "7.1"]
[White "Ziska, Helgi Dam"]
[Black "Constantinou, Pavlos"]
[Result "1-0"]
[WhiteElo "2539"]
[BlackElo "2120"]
[Annotator "TA"]
[PlyCount "83"]
[EventDate "2021.04.17"]
[EventType "tourn"]
[EventCountry "NET"]
[SourceTitle "playchess.com"]
[Source "ChessBase"]
[SourceQuality "1"]

{[%evp 16,83,25,-2,47,48,48,39,45,51,43,53,51,0,46,50,72,-9,62,50,53,41,48,46,74,64,70,0,0,0,86,66,69,52,92,83,116,85,116,106,110,115,108,101,112,98,179,118,110,77,118,126,131,88,155,121,128,123,161,145,238,230,655,552,5010,5002,29989,29990,29990,29991]} 1. e4 c5 2. Nf3 Nc6 3. d4 cxd4 4. Nxd4 g6 5. c4 Nf6 6. Nc3 d6 7. Nc2 Bg7 8. Be2 O-O 9. O-O a5 {B37: Sicilian: Maroczy Bind with 5...Bg7, sidelines.} 10. Na3 Nd7 11. Nab5 Nc5 {White is slightly better.} 12. Be3 {[#]} Na7 $146 ({Predecessor:} 12... b6 13. Qd2 Bb7 14. Rab1 Na7 15. Nxa7 Rxa7 16. f3 Bc6 17. Rfd1 Be5 18. Bh6 Re8 19. Nd5 e6 20. Nc3 Rd7 {½-½ (60) Kadric,D (2331)-Cebalo,M (2495) Zadar 2010}) 13. Nd4 Nc6 14. Ndb5 Na7 $1 15. Nxa7 Rxa7 16. Qc2 (16. Bd4 $16) 16... Be6 (16... Bxc3 $11 17. Qxc3 Nxe4) 17. Nb5 Ra8 18. Rad1 {Threatens to win with Bxc5.} Qb6 19. f4 Bd7 20. e5 {[%cal Re5d6]} Bf5 {[#]} 21. Bd3 Bg4 $11 22. Be2 (22. exd6 $11 Bxd1 23. Rxd1) 22... Bf5 $1 $16 {[%cal Rf5c2]} 23. Qc3 {And now Qa3 would win.} Qc6 24. Qa3 {[%cal Re5d6]} Rfd8 25. Nd4 Qc8 26. Nxf5 Qxf5 27. Bf3 Qc8 28. exd6 exd6 29. f5 gxf5 30. Bd5 Be5 (30... Ne4 $16 {might work better.}) 31. Kh1 ({White should try} 31. Bg5 $18 Rf8 32. Bh6) 31... Ne4 32. Bb6 {[%mdl 1024] White has strong compensation.} Rf8 33. Qf3 ({But not} 33. Bxa5 Re8 $11) 33... Kh8 34. g4 Ng5 (34... Nc5 $142) 35. Qe3 f4 36. Rxf4 Ne6 37. Rf2 $36 {[%mdl 2048] White has strong initiative.} Nc5 (37... Qd7 $16 38. Qh6 Rg8) 38. Rf5 $18 Rg8 $2 (38... f6 39. b3 Qd7) 39. Bxc5 Rxg4 40. Rxe5 {White threatens Bd4! and mate.} dxe5 41. Qxe5+ Kg8 {[#]} 42. Rf1 $1 {[%csl Gf1][%cal Rd5f7] Weighted Error Value: White=0.18/Black=0.52} 1-0

[Event "ESNH-ch 2021"]
[Site "Tornelo"]
[Date "2021.04.17"]
[Round "7.2"]
[White "Wiedenkeller, Michael"]
[Black "Carpenter, Paul A"]
[Result "1-0"]
[WhiteElo "2445"]
[BlackElo "1982"]
[Annotator "TA"]
[PlyCount "81"]
[EventDate "2021.04.17"]
[EventType "tourn"]
[EventCountry "NET"]
[SourceTitle "playchess.com"]
[Source "ChessBase"]
[SourceQuality "1"]

{[%evp 9,81,25,36,14,18,7,15,12,52,54,58,51,85,93,85,95,84,51,53,53,85,53,74,53,88,53,46,47,55,37,33,0,0,0,0,0,0,0,61,42,51,16,108,101,239,227,449,466,454,421,404,354,343,352,320,293,391,394,450,454,444,439,662,646,1060,1038,1031,913,890,785,912,779,6079,1354]} 1. d4 d5 2. c4 c6 3. cxd5 cxd5 4. Bf4 Nc6 5. e3 Bf5 6. Nc3 {D10: Slav Defence: 3 cxd5 (without early Nf3) and 3 Nc3.} e6 7. Qb3 Bb4 8. Rc1 {The position is equal.} Qb6 9. a3 Bxc3+ 10. Rxc3 Qxb3 11. Rxb3 {[#]} O-O-O $146 ({Predecessor:} 11... b6 12. Rc3 Nge7 13. Ba6 Kd7 14. Nf3 f6 15. h4 Be4 16. Ke2 Bxf3+ 17. gxf3 e5 18. dxe5 fxe5 {1-0 (26) Alber,H (2287)-Meyer,M (1811) Heusenstamm 2018}) 12. Nf3 f6 13. h4 Nge7 14. Be2 Rd7 15. O-O Kd8 16. Rc1 Ke8 17. Rbc3 Bg4 18. b4 a6 19. R3c2 Kf7 20. Ne1 Bxe2 21. Rxe2 e5 22. dxe5 fxe5 23. Bh2 Nf5 ({Better is} 23... e4 $1 $11) 24. Nd3 $36 {[%mdl 2048] White is pushing.} Re7 25. e4 Ncd4 26. Ree1 $16 Nxh4 {This costs Black the game.} (26... dxe4 $16 27. Nxe5+ (27. Rxe4 Rd8 $16) 27... Kf6) 27. Nxe5+ $18 Rxe5 $2 {[#]} (27... Kf6) 28. Bxe5 Nhf3+ 29. gxf3 Nxf3+ 30. Kg2 Nxe1+ 31. Rxe1 dxe4 32. Rxe4 {[%mdl 4096] Endgame KRB-KR} Re8 33. Re3 Rd8 34. Rf3+ {White is clearly winning.} Kg8 35. Rc3 Rd7 (35... Re8 $142 36. f4 Rf8) 36. Rc7 Rxc7 37. Bxc7 Kf7 38. Kf3 Ke6 39. Ke4 g5 40. Bd8 g4 41. Kf4 {Weighted Error Value: White=0.10/Black=0.41} (41. Bh4 $142 b6 42. Kf4) 1-0

[Event "ESNH-ch 2021"]
[Site "Tornelo"]
[Date "2021.04.17"]
[Round "7.3"]
[White "Berend, Fred"]
[Black "Righi, Ezio"]
[Result "1-0"]
[WhiteElo "2323"]
[BlackElo "1915"]
[Annotator "TA"]
[PlyCount "73"]
[EventDate "2021.04.17"]
[EventType "tourn"]
[EventCountry "NET"]
[SourceTitle "playchess.com"]
[Source "ChessBase"]
[SourceQuality "1"]

{[%evp 18,73,67,81,77,57,79,84,96,78,100,77,70,73,76,76,139,41,31,40,51,0,0,6,85,74,416,423,408,415,546,537,588,577,885,875,956,929,933,922,1045,1037,1112,1116,1110,1106,1104,1103,1821,1797,2078,1951,29989,2968,2877,2843,2615,2581]} 1. e4 c5 2. Nf3 e6 3. d4 cxd4 4. Nxd4 a6 5. Bd3 Bc5 6. Nb3 Ba7 7. O-O Nc6 8. Qg4 Nf6 9. Qxg7 Rg8 10. Qh6 Ne5 {...Neg4 is the strong threat. B42: Sicilian: Kan Variation: 5 Bd3.} 11. Be2 Rg6 12. Qh4 b5 {White is better.} 13. Bg5 Bb7 14. N1d2 h6 15. Bxf6 ({But not} 15. Bxh6 $2 Nxe4 $1 {[%mdl 512]} 16. Qxd8+ Rxd8 $19) 15... Rxf6 16. a4 Ng6 {[#]} 17. Qg4 $146 (17. Qg3 $16) ({Predecessor:} 17. Qg3 Bb8 18. Qe3 Nf4 19. Bf3 Ba7 20. Qe1 Rg6 21. g3 Qb6 22. axb5 axb5 23. Na5 {1-0 (73) Schmakel,S (2435)-Taghizadeh,R (2311) chess.com INT 2021}) 17... Qb6 $1 $14 {[%cal Rf6f2]} 18. Qg3 Nf4 19. Bf3 {Strongly threatening axb5.} e5 20. axb5 axb5 (20... Rg6 $1 $11 {remains equal.} 21. Qh4 Rxg2+ 22. Kh1 (22. Bxg2 Qg6 $17) 22... Rg6) 21. Qh4 O-O-O $2 {[%mdl 8192] [#] A mistake that costs the game.} (21... Rg6 $16 {is a better chance.}) 22. Rxa7 $1 $18 {[%mdl 512] Hoping for Rfa1.} Ng6 {[#]} 23. Rxb7 $1 Kxb7 (23... Nxh4 24. Rxb6) 24. Qh5 d6 25. Qxh6 Rf4 26. g3 Rh8 27. Qg5 Rg8 28. Bg2 f6 29. Qh5 Qc7 30. Qe2 Qb6 31. c4 Rh4 32. cxb5 Rh7 33. Nc4 Qd8 34. Qd2 Qf8 35. Nba5+ (35. Ra1 $142 Nf4 36. Qa5 Ne2+ 37. Kf1 Nxg3+ 38. hxg3 Qb8 {[#]} 39. Nc5+ $1 {[%mdl 512]} dxc5 40. Qb6+ {[%mdl 64] Double Attack} Kc8 41. Bh3+ $1 {[%mdl 512]} Rxh3 42. Qc6+ Kd8 43. Rd1+ Ke7 44. Rd7+ Kf8 45. Qxc5+ Ke8 46. Qe7#) 35... Kc7 36. b6+ Kd7 37. Rd1 {Weighted Error Value: White=0.16/Black=0.51} 1-0

[Event "ESNH-ch 2021"]
[Site "Tornelo"]
[Date "2021.04.17"]
[Round "7.4"]
[White "Apol, Luitjen Akselsson"]
[Black "Efimov, Igor"]
[Result "1/2-1/2"]
[WhiteElo "2092"]
[BlackElo "2416"]
[Annotator "ChessBase"]
[PlyCount "57"]
[EventDate "2021.04.17"]
[EventType "tourn"]
[EventCountry "NET"]
[SourceTitle "playchess.com"]
[Source "ChessBase"]
[SourceQuality "1"]
[TimeControl "7200+30"]

1. e4 {[%emt 0:00:08]} c5 {[%emt 0:00:08]} 2. Nf3 {[%emt 0:00:12]} Nc6 {[%emt 0:00:12]} 3. Bb5 {[%emt 0:00:17]} e6 {[%emt 0:00:28]} 4. O-O {[%emt 0:00:12]} Nge7 {[%emt 0:00:05]} 5. Re1 {[%emt 0:00:33]} a6 {[%emt 0:00:26]} 6. Bxc6 {[%emt 0:02:06]} Nxc6 {[%emt 0:00:05]} 7. d4 {[%emt 0:00:08]} cxd4 {[%emt 0:00:06]} 8. Nxd4 {[%emt 0:00:04]} Qc7 {[%emt 0:07:01]} 9. Nxc6 {[%emt 0:00:38]} Qxc6 {[%emt 0:00:34]} 10. Nc3 {[%emt 0:00:58]} b5 {[%emt 0:17:53]} 11. a4 {[%emt 0:01:19]} Bb7 {[%emt 0:02:14]} 12. axb5 {[%emt 0:17:00]} axb5 {[%emt 0:00:06]} 13. Rxa8+ {[%emt 0:00:05]} Bxa8 {[%emt 0:00:02]} 14. Qd3 {[%emt 0:00:20]} b4 {[%emt 0:11:54]} 15. Nd5 {[%emt 0:00:20]} f5 {[%emt 0:00:09]} 16. Qg3 {[%emt 0:01:52]} Kf7 {[%emt 0:10:05]} 17. Nf4 {[%emt 0:22:22]} Qxc2 {[%emt 0:04:13]} 18. Nd3 {[%emt 0:05:58]} Bxe4 {[%emt 0:05:23]} 19. Ne5+ {[%emt 0:00:24]} Ke8 {[%emt 0:00:26]} 20. Bg5 {[%emt 0:07:46]} Bb7 {[%emt 0:14:19]} 21. Qh4 {[%emt 0:05:52]} Bc5 {[%emt 0:00:58]} 22. h3 {[%emt 0:12:00]} d6 {[%emt 0:10:01]} 23. Ng6 {[%emt 0:09:39]} hxg6 {[%emt 0:01:12]} 24. Qxh8+ {[%emt 0:01:47]} Kf7 {[%emt 0:00:05]} 25. Bh4 {[%emt 0:00:25]} Qxb2 {[%emt 0:02:45]} 26. Qb8 {[%emt 0:07:48]} Bd5 {[%emt 0:00:52]} 27. Bg3 {[%emt 0:01:05]} Qc3 {[%emt 0:02:23]} 28. Qc7+ {[%emt 0:00:32]} Kg8 {[%emt 0:00:09]} 29. Qd8+ {[%emt 0:00:05]} 1/2-1/2

[Event "ESNH-ch 2021"]
[Site "Tornelo"]
[Date "2021.04.17"]
[Round "7.5"]
[White "Luke Brezmes, Cristofer"]
[Black "Darmanin, Jake"]
[Result "0-1"]
[WhiteElo "2043"]
[BlackElo "2106"]
[Annotator "TA"]
[PlyCount "58"]
[EventDate "2021.04.17"]
[EventType "tourn"]
[EventCountry "NET"]
[SourceTitle "playchess.com"]
[Source "ChessBase"]
[SourceQuality "1"]

{[%evp 9,58,27,52,11,28,-7,48,18,47,6,31,32,43,18,65,44,121,125,133,127,127,126,109,71,137,93,179,133,119,-18,-29,-22,-46,-98,-100,-110,-12,-94,-92,-962,-906,-1130,-1145,-1128,-1123,-1141,-1116,-1154,-1140,-1410,-1386]} 1. e4 g6 2. d4 Bg7 3. Nf3 d6 4. Bc4 a6 5. a4 Nf6 6. Nc3 {B06: Modern Defence.} O-O 7. Ba2 {[#]} c6 $146 (7... Nc6 $11) ({Predecessor:} 7... Bg4 8. h3 Bxf3 9. Qxf3 Nc6 10. Be3 Nd7 11. Rd1 e5 12. dxe5 dxe5 13. O-O Nd4 14. Bxd4 exd4 {0-1 (65) Loy,K (2268)-Libiszewski,F (2510) Chess.com INT 2021}) 8. h3 {White is slightly better.} Nbd7 9. e5 Nd5 10. Nxd5 cxd5 11. exd6 e6 12. O-O Qb6 (12... Nf6 $14) 13. Bf4 $16 Qxb2 14. Qd2 Qb6 15. a5 Qd8 16. Qb4 Nf6 (16... Rb8 $142) 17. Rab1 Ne4 (17... Bd7 $16) 18. Rfe1 Bd7 19. Qxb7 (19. c4 $16) 19... Nc3 $11 {[%cal Rc3b1]} 20. Ne5 Bb5 21. Rxb5 Bxe5 $17 22. dxe5 Nxb5 (22... axb5 $17 23. Bb3 Qxa5) 23. Bh6 (23. Bd2 $11 {remains equal.}) 23... Qxa5 24. Re3 {[%mdl 8192] [#]} (24. Rd1 $17) 24... Ra7 $1 $19 {[%cal Ra7b7] Black is clearly winning.} ({Worse is} 24... Qxa2 25. Qe7 $11) 25. Bxd5 Rxb7 26. Bxb7 Rb8 27. Bf3 Nd4 28. Bg5 Nf5 29. Re4 {[#]} Nxd6 $1 {Never resign too early!  Weighted Error Value: White=0.74/Black=0.19} 0-1

[Event "ESNH-ch 2021"]
[Site "Tornelo"]
[Date "2021.04.17"]
[Round "8.1"]
[White "Constantinou, Pavlos"]
[Black "Darmanin, Jake"]
[Result "1/2-1/2"]
[WhiteElo "2120"]
[BlackElo "2106"]
[Annotator "NA"]
[PlyCount "160"]
[EventDate "2021.04.17"]
[EventType "tourn"]
[EventCountry "NET"]
[SourceTitle "playchess.com"]
[Source "ChessBase"]
[SourceQuality "1"]
[TimeControl "7200+30"]

1. e4 {[%emt 0:00:41]} e5 {[%emt 0:00:19]} 2. Nf3 {[%emt 0:00:29]} Nc6 {[%emt 0:00:05]} 3. Bc4 {[%emt 0:00:05]} Nf6 {[%emt 0:00:09]} 4. d3 {[%emt 0:00:07]} h6 {[%emt 0:00:10]} 5. c3 {[%emt 0:00:19]} d6 {[%emt 0:02:38]} 6. O-O {[%emt 0:00:12]} g5 {[%emt 0:00:37]} 7. Re1 {[%emt 0:01:33]} g4 {[%emt 0:03:06]} 8. Nh4 {[%emt 0:00:05]} Nxe4 {[%emt 0:07:48]} 9. Ng6 {[%emt 0:02:52]} fxg6 {[%emt 0:07:13]} 10. dxe4 {[%emt 0:00:21]} Qe7 {[%emt 0:05:01]} 11. Nd2 {[%emt 0:03:03]} Be6 {[%emt 0:12:28]} 12. Qb3 {[%emt 0:06:04]} Nd8 {[%emt 0:02:01]} 13. Qa4+ {[%emt 0:00:06]} c6 {[%emt 0:04:30]} 14. Bd3 {[%emt 0:01:24]} Bg7 {[%emt 0:02:11]} 15. b4 {[%emt 0:04:21]} O-O {[%emt 0:01:18]} 16. Nf1 {[%emt 0:00:07]} b5 {[%emt 0:07:20]} 17. Qc2 {[%emt 0:01:52]} a5 {[%emt 0:05:07]} 18. Be3 {[%emt 0:05:28]} Qf7 {[%emt 0:14:46]} 19. a3 {[%emt 0:09:31]} Bc4 {[%emt 0:08:48]} 20. Bxc4 {[%emt 0:15:38]} Qxc4 {[%emt 0:00:21]} 21. Nd2 {[%emt 0:08:20]} Qf7 {[%emt 0:05:56]} 22. c4 {[%emt 0:00:58]} Ne6 {[%emt 0:10:14]} 23. cxb5 {[%emt 0:03:46]} Nd4 {[%emt 0:01:04]} 24. Qd3 {[%emt 0:13:06]} cxb5 {[%emt 0:04:00]} 25. Rf1 {[%emt 0:08:12]} Rac8 {[%emt 0:08:46]} 26. bxa5 {[%emt 0:02:35]} Rc3 {[%emt 0:03:37]} 27. Qb1 {[%emt 0:01:53]} Ne2+ {[%emt 0:04:13]} 28. Kh1 {[%emt 0:00:04]} d5 {[%emt 0:01:55]} 29. Qxb5 {[%emt 0:01:05]} Nf4 {[%emt 0:01:37]} 30. Bxf4 {[%emt 0:02:43]} exf4 {[%emt 0:00:17]} 31. exd5 {[%emt 0:06:22]} Rc2 {[%emt 0:01:10]} 32. Rad1 {[%emt 0:00:11]} f3 {[%emt 0:02:22]} 33. g3 {[%emt 0:02:25]} Qf5 {[%emt 0:00:08]} 34. Nc4 {[%emt 0:02:11]} Qh5 {[%emt 0:02:34]} 35. Ne3 {[%emt 0:00:07]} Re2 {[%emt 0:00:16]} 36. Qc4 {[%emt 0:00:59]} Rd8 {[%emt 0:01:47]} 37. Qxg4 {[%emt 0:01:18]} Qxg4 {[%emt 0:00:11]} 38. Nxg4 {[%emt 0:00:02]} Re4 {[%emt 0:01:25]} 39. h3 {[%emt 0:00:52]} Ra4 {[%emt 0:00:13]} 40. Rd3 {[%emt 0:00:15]} Rxa5 {[%emt 0:00:02]} 41. Rfd1 {[%emt 0:00:10]} h5 {[%emt 0:00:18]} 42. Nh2 {[%emt 0:00:06]} Bf8 {[%emt 0:00:03]} 43. d6 {[%emt 0:01:10]} Ra6 {[%emt 0:00:11]} 44. Nxf3 {[%emt 0:01:18]} Rdxd6 {[%emt 0:00:10]} 45. Rxd6 {[%emt 0:01:03]} Bxd6 {[%emt 0:00:11]} 46. a4 {[%emt 0:00:18]} Bc5 {[%emt 0:00:14]} 47. Ra1 {[%emt 0:04:03]} Bxf2 {[%emt 0:00:14]} 48. Kg2 {[%emt 0:00:02]} Bb6 {[%emt 0:00:13]} 49. Ra2 {[%emt 0:01:16]} Bc7 {[%emt 0:00:45]} 50. Kf2 {[%emt 0:01:05]} Kf7 {[%emt 0:00:09]} 51. g4 {[%emt 0:00:12]} hxg4 {[%emt 0:00:05]} 52. hxg4 {[%emt 0:00:01]} Ke6 {[%emt 0:00:15]} 53. Ke3 {[%emt 0:00:17]} Bb6+ {[%emt 0:01:24]} 54. Ke4 {[%emt 0:00:10]} Ra5 {[%emt 0:00:29]} 55. Nd4+ {[%emt 0:00:57]} Kd6 {[%emt 0:00:40]} 56. Nb5+ {[%emt 0:02:14]} Ke6 {[%emt 0:01:09]} 57. Kf4 {[%emt 0:02:33]} Kf6 {[%emt 0:01:19]} 58. Ra1 {[%emt 0:01:32]} Bc5 {[%emt 0:00:35]} 59. Ra2 {[%emt 0:02:43]} Bb6 {[%emt 0:00:15]} 60. Nc3 {[%emt 0:06:20]} Bc7+ {[%emt 0:00:14]} 61. Kf3 {[%emt 0:00:11]} Be5 {[%emt 0:00:43]} 62. Ne4+ {[%emt 0:02:12]} Ke6 {[%emt 0:00:08]} 63. Nd2 {[%emt 0:00:02]} Kd5 {[%emt 0:01:00]} 64. Ke3 {[%emt 0:01:43]} Bd6 {[%emt 0:00:51]} 65. Kd3 {[%emt 0:00:11]} Bb4 {[%emt 0:00:40]} 66. Nc4 {[%emt 0:01:22]} Ra6 {[%emt 0:01:02]} 67. Re2 {[%emt 0:01:28]} Rf6 {[%emt 0:01:06]} 68. Re5+ {[%emt 0:00:41]} Kc6 {[%emt 0:00:04]} 69. a5 {[%emt 0:00:36]} Rf3+ {[%emt 0:00:44]} 70. Ne3 {[%emt 0:01:13]} Bc5 {[%emt 0:00:40]} 71. a6 {[%emt 0:01:03]} Kd6 {[%emt 0:00:47]} 72. Re8 {[%emt 0:00:23]} Kd7 {[%emt 0:00:10]} 73. Re4 {[%emt 0:00:07]} Kd6 {[%emt 0:00:41]} 74. Ke2 {[%emt 0:00:13]} Rf7 {[%emt 0:00:34]} 75. Ra4 {[%emt 0:00:41]} Re7 {[%emt 0:00:05]} 76. a7 {[%emt 0:00:45]} Bxa7 {[%emt 0:00:57]} 77. Ra6+ {[%emt 0:01:34]} Ke5 {[%emt 0:00:10]} 78. Rxg6 {[%emt 0:01:19]} Kf4 {[%emt 0:00:36]} 79. Rf6+ {[%emt 0:00:05]} Kg3 {[%emt 0:00:31]} 80. Rf3+ {[%emt 0:00:10]} Kh4 {[%emt 0:00:04]} 1/2-1/2

[Event "ESNH-ch 2021"]
[Site "Tornelo"]
[Date "2021.04.17"]
[Round "8.2"]
[White "Efimov, Igor"]
[Black "Luke Brezmes, Cristofer"]
[Result "1-0"]
[WhiteElo "2416"]
[BlackElo "2043"]
[Annotator "TA"]
[PlyCount "27"]
[EventDate "2021.04.17"]
[EventType "tourn"]
[EventCountry "NET"]
[SourceTitle "playchess.com"]
[Source "ChessBase"]
[SourceQuality "1"]

{[%evp 10,27,48,49,35,34,70,71,103,100,99,73,458,416,481,479,471,427,556,543]} 1. Nf3 d5 2. g3 e6 3. Bg2 f5 4. O-O Nf6 5. d3 Bd6 6. Nc3 O-O {A04: Unusual lines after 1 Nf3 and King's Indian Attack.} 7. e4 fxe4 8. dxe4 {[#] Strongly threatening e5.} Bb4 {White is better.} 9. e5 {[#]} Nfd7 $146 ({Predecessor:} 9... Bxc3 10. bxc3 Ne4 11. c4 c6 12. Ba3 Rf7 13. Qd3 Na6 14. Rad1 Bd7 15. cxd5 cxd5 {½-½ (54) Grigorian,M (2183)-Izbranov,A (2101) Krasnoyarsk 2011}) 10. Ng5 Qe8 {[%mdl 8192] [#]} (10... Nb6 $16 {is a better chance.}) 11. Nxe6 $1 $18 {[%mdl 512]} Qxe6 12. Bxd5 {White is clearly winning.} Nxe5 13. Bf4 Ng6 14. Re1 {[%mdl 64] Pin. Black did not feel at home in the position after the opening.  Weighted Error Value: White=0.09/Black=1.22} 1-0

[Event "ESNH-ch 2021"]
[Site "Tornelo"]
[Date "2021.04.17"]
[Round "8.3"]
[White "Righi, Ezio"]
[Black "Apol, Luitjen Akselsson"]
[Result "0-1"]
[WhiteElo "1915"]
[BlackElo "2092"]
[Annotator "NA"]
[PlyCount "40"]
[EventDate "2021.04.17"]
[EventType "tourn"]
[EventCountry "NET"]
[SourceTitle "playchess.com"]
[Source "ChessBase"]
[SourceQuality "1"]
[TimeControl "7200+30"]

1. e4 {[%emt 0:00:23]} c5 {[%emt 0:00:11]} 2. Nf3 {[%emt 0:00:14]} d6 {[%emt 0:00:23]} 3. d4 {[%emt 0:00:10]} cxd4 {[%emt 0:00:13]} 4. Nxd4 {[%emt 0:00:04]} Nf6 {[%emt 0:00:16]} 5. Nc3 {[%emt 0:00:05]} a6 {[%emt 0:00:20]} 6. Be2 {[%emt 0:00:49]} e5 {[%emt 0:00:31]} 7. Nb3 {[%emt 0:00:07]} Be7 {[%emt 0:00:24]} 8. O-O {[%emt 0:00:08]} O-O {[%emt 0:00:13]} 9. Kh1 {[%emt 0:02:26]} b6 {[%emt 0:01:46]} 10. Be3 {[%emt 0:01:04]} Bb7 {[%emt 0:02:04]} 11. f3 {[%emt 0:00:23]} Nbd7 {[%emt 0:04:22]} 12. Rf2 {[%emt 0:02:08]} b5 {[%emt 0:04:58]} 13. a4 {[%emt 0:01:33]} b4 {[%emt 0:00:12]} 14. Nd5 {[%emt 0:00:06]} Nxd5 {[%emt 0:01:00]} 15. exd5 {[%emt 0:00:08]} Nf6 {[%emt 0:23:30]} 16. Bc4 {[%emt 0:02:19]} Rc8 {[%emt 0:00:09]} 17. Qd3 {[%emt 0:00:36]} e4 {[%emt 0:00:12]} 18. fxe4 {[%emt 0:00:26]} Ng4 {[%emt 0:00:13]} 19. Nd2 {[%emt 0:02:14]} Bg5 {[%emt 0:04:10]} 20. Re2 {[%emt 0:01:53]} Bxe3 {[%emt 0:00:21]} 0-1

[Event "ESNH-ch 2021"]
[Site "Tornelo"]
[Date "2021.04.17"]
[Round "8.4"]
[White "Carpenter, Paul A"]
[Black "Berend, Fred"]
[Result "0-1"]
[WhiteElo "1982"]
[BlackElo "2323"]
[Annotator "NA"]
[PlyCount "64"]
[EventDate "2021.04.17"]
[EventType "tourn"]
[EventCountry "NET"]
[SourceTitle "playchess.com"]
[Source "ChessBase"]
[SourceQuality "1"]
[TimeControl "7200+30"]

1. c4 {[%emt 0:01:25]} Nf6 {[%emt 0:00:18]} 2. Nc3 {[%emt 0:00:21]} e5 {[%emt 0:02:00]} 3. g3 {[%emt 0:01:35]} Bb4 {[%emt 0:00:11]} 4. Bg2 {[%emt 0:01:55]} O-O {[%emt 0:00:14]} 5. e3 {[%emt 0:02:04]} Re8 {[%emt 0:00:36]} 6. Nge2 {[%emt 0:02:14]} c6 {[%emt 0:00:47]} 7. O-O {[%emt 0:05:42]} Na6 {[%emt 0:06:34]} 8. a3 {[%emt 0:06:53]} Bf8 {[%emt 0:00:12]} 9. b4 {[%emt 0:00:56]} d5 {[%emt 0:01:46]} 10. cxd5 {[%emt 0:00:53]} cxd5 {[%emt 0:00:09]} 11. f4 {[%emt 0:18:25]} Nc7 {[%emt 0:05:40]} 12. Bb2 {[%emt 0:01:18]} d4 {[%emt 0:04:58]} 13. Ne4 {[%emt 0:20:52]} Nxe4 {[%emt 0:02:28]} 14. Bxe4 {[%emt 0:00:08]} exf4 {[%emt 0:03:48]} 15. Rxf4 {[%emt 0:01:13]} Ne6 {[%emt 0:10:46]} 16. Bxh7+ {[%emt 0:03:28]} Kxh7 {[%emt 0:03:12]} 17. Rh4+ {[%emt 0:01:35]} Kg8 {[%emt 0:00:17]} 18. Nxd4 {[%emt 0:03:33]} Be7 {[%emt 0:08:01]} 19. Rh7 {[%emt 0:03:49]} Kxh7 {[%emt 0:03:53]} 20. Qh5+ {[%emt 0:00:50]} Kg8 {[%emt 0:00:04]} 21. Rf1 {[%emt 0:13:17]} Bf6 {[%emt 0:01:13]} 22. Nf5 {[%emt 0:02:36]} Nf4 {[%emt 0:07:36]} 23. Nh6+ {[%emt 0:01:02]} gxh6 {[%emt 0:06:25]} 24. Rxf4 {[%emt 0:00:18]} Bf5 {[%emt 0:04:19]} 25. Qxf5 {[%emt 0:01:20]} Bxb2 {[%emt 0:00:47]} 26. d4 {[%emt 0:01:02]} Qe7 {[%emt 0:03:01]} 27. Rg4+ {[%emt 0:01:39]} Kh8 {[%emt 0:01:14]} 28. Qh5 {[%emt 0:00:20]} Qxe3+ {[%emt 0:00:19]} 29. Kg2 {[%emt 0:00:04]} Qe2+ {[%emt 0:01:24]} 30. Kh3 {[%emt 0:00:03]} Qf1+ {[%emt 0:00:13]} 31. Kh4 {[%emt 0:00:04]} Qf6+ {[%emt 0:00:22]} 32. Kh3 {[%emt 0:00:04]} Re3 {[%emt 0:00:29]} 0-1

[Event "ESNH-ch 2021"]
[Site "Tornelo"]
[Date "2021.04.17"]
[Round "8.5"]
[White "Ziska, Helgi Dam"]
[Black "Wiedenkeller, Michael"]
[Result "1/2-1/2"]
[WhiteElo "2539"]
[BlackElo "2445"]
[Annotator "ChessBase"]
[PlyCount "91"]
[EventDate "2021.04.17"]
[EventType "tourn"]
[EventCountry "NET"]
[SourceTitle "playchess.com"]
[Source "ChessBase"]
[SourceQuality "1"]
[TimeControl "7200+30"]

1. e4 {[%emt 0:00:11]} e6 {[%emt 0:00:26]} 2. d4 {[%emt 0:00:26]} d5 {[%emt 0:00:11]} 3. Nd2 {[%emt 0:00:02]} c5 {[%emt 0:00:17]} 4. Ngf3 {[%emt 0:00:05]} Nc6 {[%emt 0:00:28]} 5. exd5 {[%emt 0:00:28]} exd5 {[%emt 0:00:08]} 6. Bb5 {[%emt 0:00:04]} Qe7+ {[%emt 0:00:16]} 7. Be2 {[%emt 0:00:04]} Qc7 {[%emt 0:04:23]} 8. dxc5 {[%emt 0:01:15]} Bxc5 {[%emt 0:00:47]} 9. Nb3 {[%emt 0:00:22]} Be7 {[%emt 0:00:26]} 10. O-O {[%emt 0:00:05]} Nf6 {[%emt 0:00:09]} 11. c3 {[%emt 0:00:13]} O-O {[%emt 0:01:15]} 12. Bg5 {[%emt 0:00:14]} Be6 {[%emt 0:02:01]} 13. Re1 {[%emt 0:01:17]} Rae8 {[%emt 0:06:59]} 14. Nfd4 {[%emt 0:08:00]} h6 {[%emt 0:06:18]} 15. Bh4 {[%emt 0:02:56]} Ne4 {[%emt 0:02:44]} 16. Bxe7 {[%emt 0:00:06]} Rxe7 {[%emt 0:00:23]} 17. Bd3 {[%emt 0:19:41]} Qb6 {[%emt 0:18:25]} 18. Bc2 {[%emt 0:07:54]} Nf6 {[%emt 0:13:39]} 19. Qd2 {[%emt 0:08:26]} Rfe8 {[%emt 0:02:01]} 20. f3 {[%emt 0:04:38]} Bd7 {[%emt 0:02:08]} 21. Rxe7 {[%emt 0:00:19]} Rxe7 {[%emt 0:00:12]} 22. Qf2 {[%emt 0:02:11]} Ne5 {[%emt 0:05:14]} 23. Rd1 {[%emt 0:03:34]} Nc4 {[%emt 0:03:34]} 24. Bd3 {[%emt 0:00:51]} Re8 {[%emt 0:05:21]} 25. Bf1 {[%emt 0:00:38]} Re7 {[%emt 0:06:42]} 26. Rb1 {[%emt 0:01:00]} Re8 {[%emt 0:00:37]} 27. Nd2 {[%emt 0:08:44]} Nd6 {[%emt 0:00:57]} 28. N4b3 {[%emt 0:07:01]} Qxf2+ {[%emt 0:01:40]} 29. Kxf2 {[%emt 0:00:04]} Bb5 {[%emt 0:00:51]} 30. Nd4 {[%emt 0:01:39]} Bxf1 {[%emt 0:00:20]} 31. Nxf1 {[%emt 0:00:03]} Nc4 {[%emt 0:02:44]} 32. b3 {[%emt 0:02:36]} Ne5 {[%emt 0:01:09]} 33. Rd1 {[%emt 0:00:15]} Nc6 {[%emt 0:03:36]} 34. Ne2 {[%emt 0:00:49]} Ne7 {[%emt 0:02:36]} 35. Ne3 {[%emt 0:00:35]} Rc8 {[%emt 0:00:24]} 36. g4 {[%emt 0:00:47]} g5 {[%emt 0:01:44]} 37. c4 {[%emt 0:04:29]} dxc4 {[%emt 0:00:42]} 38. bxc4 {[%emt 0:00:03]} Ng6 {[%emt 0:04:24]} 39. Rd6 {[%emt 0:01:05]} Rc6 {[%emt 0:00:24]} 40. Rd8+ {[%emt 0:02:45]} Kh7 {[%emt 0:00:24]} 41. Rb8 {[%emt 0:01:03]} Rc7 {[%emt 0:01:17]} 42. Nc3 {[%emt 0:01:38]} Nf4 {[%emt 0:01:51]} 43. Ke1 {[%emt 0:14:11]} Rd7 {[%emt 0:04:02]} 44. Nf5 {[%emt 0:02:41]} h5 {[%emt 0:01:33]} 45. gxh5 {[%emt 0:04:57]} N4xh5 {[%emt 0:09:40]} 46. Ne4 {[%emt 0:07:42]} 1/2-1/2